| 000 | 00795nam a2200241 4500 | ||
|---|---|---|---|
| 003 | OSt | ||
| 005 | 20240610023046.0 | ||
| 006 | a | ||
| 008 | 240610b |||||||| |||| 00| 0 eng d | ||
| 020 | _a9710412259 | ||
| 040 |
_aDWCL-Main lib. _cOC |
||
| 082 | _aFil. 342.59 C955p 2012 | ||
| 100 | _aCruz-Calilung, Froilan | ||
| 245 | _aPOL GOV : essentials of politics and government with the 1987 Philippine constitution / | ||
| 260 |
_aMandaluyong City, Phils. : _bBooks Atbp., _cc2012. |
||
| 300 |
_axii, _b299 p. : ill. ; _c22 cm. |
||
| 504 | _aIncludes bibliographical references. | ||
| 650 | _a1. Politics–Philippines. | ||
| 650 | _a2. Government–Philippines. | ||
| 650 | _a3. Constitution–Philippines. | ||
| 700 | _aFroilan Cruz-Calilung Andrea | ||
| 942 |
_2ddc _n0 _cBK - FIL _kFil. |
||
| 999 |
_c433 _d433 |
||